[Event "FRA-chT U20 GpB 1213"]
[Site "France"]
[Date "2013.01.05"]
[Round "6"]
[White "Commin, Augustin"]
[Black "Gehan, Clement"]
[Result "1-0"]
[WhiteElo "1290"]
[BlackElo "1210"]
[PlyCount "77"]
[EventDate "2012.12.01"]
[EventType "team"]
[EventRounds "7"]
[EventCountry "FRA"]
[SourceTitle "EXT 2014"]
[Source "ChessBase"]
[SourceDate "2013.11.20"]
[SourceVersion "1"]
[SourceVersionDate "2013.11.20"]
[SourceQuality "1"]
[WhiteTeam "Tours (U20)"]
[BlackTeam "Saint Mande U20"]
[WhiteTeamCountry "FRA"]
[BlackTeamCountry "FRA"]

1. Nf3 d5 2. g3 Nf6 3. Bg2 Bf5 4. 0-0 e6 5. d3 Nbd7 6. Nh4 Bg4 7. Nc3 c6 8. Be3 Bh5 9. Nf3 Ng4 10. Bd2 Be7 11. e4 0-0 12. h3 Nge5 13. g4 Nxf3+ 14. Bxf3 Bg6 15. exd5 cxd5 16. Re1 Bg5 17. Nb5 Bxd2 18. Qxd2 Qb6 19. c4 dxc4 20. dxc4 Rad8 21. Qc3 Nc5 22. a4 Rd3 23. Qb4 Rxf3 24. a5 Qc6 25. Nxa7 Qa6 26. Qxc5 Rxh3 27. Rad1 b6 28. axb6 Qb7 29. Nc6 h6 30. Qxf8+ Kh7 31. Rd8 Bd3 32. Qg8+ Kg6 33. Qe8 Bxc4 34. Rb8 Qa6 35. Ne5+ Kg5 36. Qe7+ Kf4 37. Qxf7+ Kg5 38. Qxg7+ Kf4 39. Qf6# 1-0

[Event "FRA-chT U20 GpB 1213"]
[Site "France"]
[Date "2013.01.05"]
[Round "5"]
[White "Hadji, Rasla"]
[Black "Commin, Augustin"]
[Result "1/2-1/2"]
[WhiteElo "1240"]
[BlackElo "1290"]
[PlyCount "141"]
[EventDate "2012.12.01"]
[EventType "team"]
[EventRounds "7"]
[EventCountry "FRA"]
[SourceTitle "EXT 2014"]
[Source "ChessBase"]
[SourceDate "2013.11.20"]
[SourceVersion "1"]
[SourceVersionDate "2013.11.20"]
[SourceQuality "1"]
[WhiteTeam "Clichy (U20)"]
[BlackTeam "Tours (U20)"]
[WhiteTeamCountry "FRA"]
[BlackTeamCountry "FRA"]

1. e4 c6 2. d4 d5 3. exd5 cxd5 4. Nf3 Bf5 5. Nc3 e6 6. Bb5+ Nc6 7. 0-0 Bd6 8. Re1 Nf6 9. Ne5 Bxe5 10. dxe5 Ng4 11. h3 Nh6 12. Bxh6 gxh6 13. Qd2 Qg5 14. Qxg5 hxg5 15. Rac1 0-0-0 16. Bd3 Bxd3 17. cxd3 d4 18. Ne4 h6 19. b4 Kb8 20. b5 Nb4 21. Red1 Nxa2 22. Rc2 Nb4 23. Rb2 Nd5 24. Nd6 Rd7 25. Nc4 Nc3 26. Ra1 Rf8 27. b6 a6 28. Kf1 f6 29. exf6 Rxf6 30. Ne5 Rd5 31. Nf3 Rb5 32. Rxb5 Nxb5 33. Rc1 Rf8 34. Re1 Re8 35. Rc1 e5 36. Rc5 e4 37. dxe4 Rxe4 38. Rf5 Re8 39. Rd5 Kc8 40. Nxd4 Nxd4 41. Rxd4 Re6 42. Rc4+ Kd7 43. Rc7+ Kd8 44. Rxb7 Kc8 45. Rc7+ Kb8 46. Rh7 Rxb6 47. Ke2 a5 48. Kd3 a4 49. Kc4 a3 50. Rd7 a2 51. Rd1 Ra6 52. Ra1 Kc7 53. Kb3 Kd6 54. Rxa2 Rxa2 55. Kxa2 Kd5 56. Kb2 Kd4 57. g3 Kd3 58. f4 gxf4 59. gxf4 Ke4 60. h4 Kxf4 61. h5 Kg5 62. Kc2 Kxh5 63. Kd2 Kg4 64. Ke1 Kg3 65. Kf1 Kh2 66. Kf2 h5 67. Kf1 h4 68. Kf2 Kh1 69. Kf1 h3 70. Kf2 h2 71. Kf1 1/2-1/2

[Event "FRA-chT U20 GpB 1213"]
[Site "France"]
[Date "2013.01.04"]
[Round "4"]
[White "Sansone, Adam"]
[Black "Commin, Augustin"]
[Result "1-0"]
[WhiteElo "1380"]
[BlackElo "1290"]
[PlyCount "61"]
[EventDate "2012.12.01"]
[EventType "team"]
[EventRounds "7"]
[EventCountry "FRA"]
[SourceTitle "EXT 2014"]
[Source "ChessBase"]
[SourceDate "2013.11.20"]
[SourceVersion "1"]
[SourceVersionDate "2013.11.20"]
[SourceQuality "1"]
[WhiteTeam "Villepinte (U20)"]
[BlackTeam "Tours (U20)"]
[WhiteTeamCountry "FRA"]
[BlackTeamCountry "FRA"]

1. e4 c6 2. d4 d5 3. Nc3 dxe4 4. Nxe4 Bf5 5. Ng3 Bg6 6. Nf3 Nd7 7. Bc4 Ngf6 8. Bf4 e6 9. 0-0 Be7 10. Qd2 0-0 11. Rfe1 Qb6 12. c3 Rad8 13. b4 a5 14. a3 Qa7 15. Nh4 Ng4 16. Nxg6 fxg6 17. Rxe6 Nb6 18. Ba2 Nd5 19. Rxe7 Kh8 20. Bxd5 Rxd5 21. Qe2 Nf6 22. Be5 axb4 23. Bxf6 gxf6 24. Re8 Rxe8 25. Qxe8+ Kg7 26. Qe7+ Kh6 27. Qf8+ Kg5 28. Qxb4 Rb5 29. Qe7 Qa5 30. Qe3+ Kh4 31. Qf4# 1-0

[Event "FRA-chT U20 GpB 1213"]
[Site "France"]
[Date "2012.12.02"]
[Round "2.7"]
[White "Commin, Augustin"]
[Black "Bousmaha, Wassel"]
[Result "1/2-1/2"]
[WhiteElo "1290"]
[BlackElo "1454"]
[PlyCount "44"]
[EventDate "2012.12.01"]
[EventType "team"]
[EventRounds "7"]
[EventCountry "FRA"]
[SourceTitle "EXT 2014"]
[Source "ChessBase"]
[SourceDate "2013.11.20"]
[SourceVersion "1"]
[SourceVersionDate "2013.11.20"]
[SourceQuality "1"]
[WhiteTeam "Tours (U20)"]
[BlackTeam "Creteil (U20)"]
[WhiteTeamCountry "FRA"]
[BlackTeamCountry "FRA"]

1. e4 e5 2. Nf3 Nc6 3. Bc4 Nf6 4. d3 Be7 5. 0-0 0-0 6. Be3 d5 7. exd5 Nxd5 8. Nc3 Nxe3 9. fxe3 Bc5 10. Nd5 Be6 11. b4 Nxb4 12. Nxb4 Bxb4 13. Nxe5 Bc3 14. Bxe6 fxe6 15. Qg4 Bxa1 16. Qxe6+ Kh8 17. Rxf8+ Qxf8 18. Nf7+ Kg8 19. Nh6+ Kh8 20. Nf7+ Kg8 21. Nh6+ Kh8 22. Nf7+ Kg8 1/2-1/2